00571nam a2200181Ia 4500008004100000082001700041100002100058245003400079260002700113365000600140600002100146630003400167700002100201730003400222942000900256999001900265952010500284110201s9999 xx 000 0 und d bB7053aE 273 aClaudia Jaameson aThe melting heart ( Romance ) bMills and Boon Limited b0 aClaudia Jaameson aThe melting heart ( Romance ) aClaudia Jaameson aThe melting heart ( Romance ) cBOOK c832620d832617 00104070aPMKVbPMKVd2011-02-01g0.00l0pPMKV-B7053r2011-02-01 00:00:00v0.00w2011-02-01yBOOK